| 000 | 00657nam a22002177a 4500 | ||
|---|---|---|---|
| 003 | OSt | ||
| 005 | 20230623042232.0 | ||
| 008 | 230623b |||||||| |||| 00| 0 eng d | ||
| 020 | _a9780070221796 | ||
| 040 |
_aMMU _beng _cMMU _dMMU |
||
| 050 | _aHD 62.4 .H55 2010 | ||
| 100 | _aHill, Charles W L | ||
| 245 |
_aInternational business: _bCompeting in the global market place/ _cCharles W L Hill |
||
| 250 | _a6th ed. | ||
| 260 |
_aNew Delhi : _bTata McGraw hill education private limited, _c2010. |
||
| 300 |
_axxv, 942 p. : _bill, ; |
||
| 500 | _aincludes indexes | ||
| 650 |
_abusiness _9428 |
||
| 700 | _aArun K Jain | ||
| 942 |
_2lcc _cLOAN LOAN _e6th ed. |
||
| 999 |
_c32565 _d32562 |
||